Normal view
MARC view
- Panneerselvam, R.
Entry Personal Name
001 - CONTROL NUMBER
- control field: 7254
003 - CONTROL NUMBER IDENTIFIER
- control field: NUST
005 - DATE AND TIME OF LATEST TRANSACTION
- control field: 20171214094458.0
008 - FIXED-LENGTH DATA ELEMENTS
- fixed length control field: 171214|| aca||aabn | a|a d
040 ## - CATALOGING SOURCE
- Original cataloging agency: NUST
- Transcribing agency: NUST
100 ## - HEADING--PERSONAL NAME
- Personal name: Panneerselvam, R.
670 ## - SOURCE DATA FOUND
- Source citation: Work cat.: (NUST)0: Panneerselvam, R. , Project Management , 2009.
